[Event "Gibraltar ChallWk1 13th"]
[Site "Gibraltar"]
[Date "2015.01.27"]
[Round "2.29"]
[White "Holleland, Sigve"]
[Black "Ferreira, Oscar Luiz Vieira"]
[Result "0-1"]
[WhiteElo "2116"]
[BlackElo "1980"]
[PlyCount "140"]
[EventDate "2015.01.26"]
[EventType "swiss"]
[EventRounds "5"]
[EventCountry "GGB"]
[SourceTitle "BritBase"]
[Source "www.saund.co.uk"]
[SourceDate "2018.02.10"]
[SourceVersion "1"]
[SourceVersionDate "2018.02.10"]
[SourceQuality "1"]

1. c4 e5 2. Nc3 Nc6 3. g3 g6 4. Bg2 Bg7 5. Nf3 d6 6. O-O f5 7. d3 Nf6 8. Ne1
O-O 9. Nc2 Ne7 10. Ne3 c6 11. Rb1 Be6 12. Qb3 Qd7 13. f4 exf4 14. Rxf4 Nh5 15.
Rf1 f4 16. gxf4 Nxf4 17. Bf3 Bh3 18. Re1 Bd4 19. Ncd1 Nf5 20. Kh1 Nh4 21. Be4
Rae8 22. Bd2 Rxe4 23. dxe4 Bxe3 24. Nxe3 Qe7 25. Qc2 Qe5 26. Bc3 Qc5 27. Qd2
Qxc4 28. Qd4 Qxd4 29. Bxd4 c5 30. Bc3 Nhg2 31. Nd5 Nxe1 32. Rxe1 Bg2+ 33. Kg1
Nxd5 34. exd5 Bxd5 35. Rd1 Rf5 36. e4 Bxe4 37. Rxd6 Bc6 38. Rd8+ Kf7 39. a3 Ke6
40. Rh8 Rf7 41. h4 Kf5 42. Be1 Kg4 43. Ra8 Kh3 44. Rxa7 Rf3 45. Ra5 b5 46. a4
Rb3 47. axb5 Bxb5 48. Ra3 Rxa3 49. bxa3 c4 50. h5 g5 51. h6 g4 52. Bc3 Kg3 53.
Be5+ Kf3 54. Kh2 Bc6 55. Bc3 Ke3 56. Kg3 Kd3 57. Bf6 Bf3 58. a4 c3 59. a5 c2
60. Bg5 Ke2 61. a6 Kd1 62. a7 c1=Q 63. Bxc1 Kxc1 64. a8=Q Bxa8 65. Kxg4 Kd2 66.
Kf4 Kd3 67. Kf5 Ke3 68. Ke5 Be4 69. Kf6 Kf4 70. Kg7 Kg5 0-1

[Event "Gibraltar ChallWk1 13th"]
[Site "Gibraltar"]
[Date "2015.01.27"]
[Round "2.30"]
[White "Bryn, Askild"]
[Black "Boyer Censore, Giuseppe Enmanu"]
[Result "0-1"]
[WhiteElo "2074"]
[BlackElo "1960"]
[PlyCount "117"]
[EventDate "2015.01.26"]
[EventType "swiss"]
[EventRounds "5"]
[EventCountry "GGB"]
[SourceTitle "BritBase"]
[Source "www.saund.co.uk"]
[SourceDate "2018.02.10"]
[SourceVersion "1"]
[SourceVersionDate "2018.02.10"]
[SourceQuality "1"]

1. e4 c5 2. Nc3 Nc6 3. f4 g6 4. Nf3 Bg7 5. Bb5 Nd4 6. O-O Nxb5 7. Nxb5 a6 8.
Nc3 b5 9. Qe1 Bb7 10. d3 Nf6 11. Qh4 d6 12. e5 Nd5 13. Ne4 O-O 14. e6 f6 15. f5
gxf5 16. Ng3 f4 17. Nf5 Kh8 18. Bxf4 Nxf4 19. Qxf4 Rg8 20. Rae1 Bf8 21. h3 Qe8
22. Kh2 Qg6 23. Rg1 Rd8 24. g4 Bd5 25. c4 bxc4 26. dxc4 Bc6 27. Rg3 Rb8 28. b3
a5 29. Reg1 h6 30. h4 Qh7 31. Rh3 a4 32. Nd2 axb3 33. axb3 Ra8 34. h5 Ra2 35.
Rhg3 Rg5 36. Kh3 Ra7 37. Nf3 Bxf3 38. Qxf3 Qg8 39. Qe4 Bg7 40. Re1 Qb8 41. Rd3
Bf8 42. Qf3 Ra2 43. Re2 Ra7 44. Rdd2 Ra3 45. Rd3 Ra7 46. Qe4 Rb7 47. Ree3 Ra7
48. Nh4 Ra2 49. Re2 Ra3 50. Qf3 Kg8 51. Nf5 Ra7 52. Red2 Qc8 53. Qe4 Qb8 54.
Rb2 Qb4 55. Qe3 Qb7 56. Qe2 Qh1+ 57. Kg3 Ra1 58. Nh4 f5 59. Kf4 0-1

[Event "Gibraltar ChallWk1 13th"]
[Site "Gibraltar"]
[Date "2015.01.27"]
[Round "2.31"]
[White "Baliuniene, Margarita"]
[Black "Jameson, David"]
[Result "0-1"]
[WhiteElo "1946"]
[BlackElo "2068"]
[PlyCount "91"]
[EventDate "2015.01.26"]
[EventType "swiss"]
[EventRounds "5"]
[EventCountry "GGB"]
[SourceTitle "BritBase"]
[Source "www.saund.co.uk"]
[SourceDate "2018.02.10"]
[SourceVersion "1"]
[SourceVersionDate "2018.02.10"]
[SourceQuality "1"]

1. d4 Nf6 2. c4 c5 3. d5 b5 4. cxb5 a6 5. b6 Qxb6 6. Nc3 g6 7. e4 d6 8. Be2 Bg7
9. Nf3 Bg4 10. Nd2 Bxe2 11. Qxe2 Nbd7 12. Nc4 Qc7 13. Be3 O-O 14. O-O Rab8 15.
Rab1 Rb4 16. f3 Rfb8 17. b3 Nb6 18. Na5 Nbxd5 19. Nxd5 Nxd5 20. exd5 Qxa5 21.
Bg5 Re8 22. f4 Qb6 23. f5 c4+ 24. Kh1 Be5 25. fxg6 hxg6 26. Qf3 f6 27. Qh3 Rf8
28. Bh6 cxb3 29. Bxf8 Kxf8 30. axb3 Kg7 31. Qe6 Qd8 32. Rf3 Rh4 33. Rh3 Rxh3
34. Qxh3 f5 35. Qd3 Qa5 36. Qc4 Kf6 37. b4 Qa3 38. Rf1 Qa4 39. Qh4+ Kf7 40. Qg5
Qxb4 41. g4 Qe4+ 42. Kg1 Bd4+ 43. Rf2 Qe1+ 44. Kg2 Qxf2+ 45. Kh3 Qf1+ 46. Kh4
0-1

[Event "Gibraltar ChallWk1 13th"]
[Site "Gibraltar"]
[Date "2015.01.27"]
[Round "2.32"]
[White "Fiori, Hector"]
[Black "Ruiz Manrique, Joaquin"]
[Result "1-0"]
[WhiteElo "2066"]
[BlackElo "1945"]
[PlyCount "65"]
[EventDate "2015.01.26"]
[EventType "swiss"]
[EventRounds "5"]
[EventCountry "GGB"]
[SourceTitle "BritBase"]
[Source "www.saund.co.uk"]
[SourceDate "2018.02.10"]
[SourceVersion "1"]
[SourceVersionDate "2018.02.10"]
[SourceQuality "1"]

1. e4 d6 2. d4 Nf6 3. Nc3 c6 4. f3 Qc7 5. Be3 e5 6. Qd2 Be7 7. g4 a6 8. Nge2 b5
9. Ng3 g6 10. g5 Nfd7 11. h4 Rf8 12. f4 b4 13. Na4 exd4 14. Bxd4 c5 15. Bf2 Bb7
16. Bg2 Bc6 17. b3 Bxa4 18. bxa4 Nc6 19. O-O Nb6 20. c3 O-O-O 21. cxb4 Nxb4 22.
a3 Nc6 23. Qe2 Kb7 24. Rab1 Ka7 25. Rfc1 Kb7 26. e5 Ka7 27. exd6 Bxd6 28. Bxc5
Bxc5+ 29. Rxc5 Qxf4 30. Rxc6 Rd2 31. Qe7+ Nd7 32. Qe4 Qxg3 33. Rxa6+ 1-0

[Event "Gibraltar ChallWk1 13th"]
[Site "Gibraltar"]
[Date "2015.01.27"]
[Round "2.33"]
[White "Tortolero, Cesar"]
[Black "Gieritz, Dietmar"]
[Result "0-1"]
[WhiteElo "1937"]
[BlackElo "2048"]
[PlyCount "44"]
[EventDate "2015.01.26"]
[EventType "swiss"]
[EventRounds "5"]
[EventCountry "GGB"]
[SourceTitle "BritBase"]
[Source "www.saund.co.uk"]
[SourceDate "2018.02.10"]
[SourceVersion "1"]
[SourceVersionDate "2018.02.10"]
[SourceQuality "1"]

1. Nf3 Nf6 2. c4 g6 3. Nc3 d5 4. cxd5 Nxd5 5. g3 Bg7 6. Bg2 O-O 7. O-O c5 8. a3
Nc6 9. Nxd5 Qxd5 10. d3 Qd6 11. Qc2 Bd7 12. Be3 b6 13. Rac1 Rac8 14. Qd2 Na5
15. Qc2 c4 16. d4 Bf5 17. Qa4 Be4 18. Bf4 Qd5 19. Rfd1 Nb3 20. Be3 a5 21. Rxc4
Qxc4 22. Qxc4 Rxc4 0-1

[Event "Gibraltar ChallWk1 13th"]
[Site "Gibraltar"]
[Date "2015.01.27"]
[Round "2.34"]
[White "Byrn, Carsten"]
[Black "Mulleady, Peter J"]
[Result "1-0"]
[WhiteElo "2044"]
[BlackElo "1908"]
[PlyCount "111"]
[EventDate "2015.01.26"]
[EventType "swiss"]
[EventRounds "5"]
[EventCountry "GGB"]
[SourceTitle "BritBase"]
[Source "www.saund.co.uk"]
[SourceDate "2018.02.10"]
[SourceVersion "1"]
[SourceVersionDate "2018.02.10"]
[SourceQuality "1"]

1. d4 f5 2. g3 Nf6 3. Bg2 g6 4. c4 Bg7 5. Nc3 d6 6. d5 O-O 7. Nh3 c6 8. O-O e5
9. dxe6 Bxe6 10. Bf4 Bxc4 11. Bxd6 Re8 12. Rc1 Nbd7 13. b3 Ba6 14. Re1 Ne5 15.
Bxe5 Rxe5 16. e4 Nxe4 17. Nxe4 fxe4 18. Rxe4 Rxe4 19. Bxe4 Qe7 20. Qc2 Rd8 21.
Re1 Qd7 22. Ng5 Qd2 23. Nf3 Qxc2 24. Bxc2 Bc3 25. Re7 Bb4 26. Re4 c5 27. h4 Bb5
28. h5 Bc6 29. Re3 Rf8 30. Ne5 Bd2 31. Re2 Bc3 32. hxg6 hxg6 33. Nxc6 bxc6 34.
Bxg6 Bd4 35. Be4 Rf6 36. Kg2 Kg7 37. f4 Rd6 38. g4 Bc3 39. Kf3 Rd1 40. Bxc6 Bd4
41. g5 a5 42. Kg4 Bc3 43. Kf5 Rd6 44. Bb5 Bd2 45. Re7+ Kf8 46. Re8+ Kf7 47. Re4
Rd4 48. Rxd4 cxd4 49. Kg4 Be3 50. f5 Kg7 51. f6+ Kg6 52. Be8+ Kh7 53. g6+ Kg8
54. Bb5 Bh6 55. Bc4+ Kh8 56. g7+ 1-0

[Event "Gibraltar ChallWk1 13th"]
[Site "Gibraltar"]
[Date "2015.01.27"]
[Round "2.35"]
[White "Lochte, Szilvia"]
[Black "Ungureanu, Sandu"]
[Result "1/2-1/2"]
[WhiteElo "1934"]
[BlackElo "2040"]
[PlyCount "26"]
[EventDate "2015.01.26"]
[EventType "swiss"]
[EventRounds "5"]
[EventCountry "GGB"]
[SourceTitle "BritBase"]
[Source "www.saund.co.uk"]
[SourceDate "2018.02.10"]
[SourceVersion "1"]
[SourceVersionDate "2018.02.10"]
[SourceQuality "1"]

1. d4 d5 2. Nf3 c6 3. Bf4 Bf5 4. e3 e6 5. Bd3 Bxd3 6. Qxd3 Bd6 7. Bg3 Bxg3 8.
hxg3 Nf6 9. Nbd2 Nbd7 10. Ne5 h6 11. Nxd7 Nxd7 12. e4 Qb6 13. O-O-O O-O-O
1/2-1/2

[Event "Gibraltar ChallWk1 13th"]
[Site "Gibraltar"]
[Date "2015.01.27"]
[Round "2.36"]
[White "Hermes, Geoff R"]
[Black "Gostelow, David W"]
[Result "1-0"]
[WhiteElo "1907"]
[BlackElo "2036"]
[PlyCount "59"]
[EventDate "2015.01.26"]
[EventType "swiss"]
[EventRounds "5"]
[EventCountry "GGB"]
[SourceTitle "BritBase"]
[Source "www.saund.co.uk"]
[SourceDate "2018.02.10"]
[SourceVersion "1"]
[SourceVersionDate "2018.02.10"]
[SourceQuality "1"]

1. e4 c5 2. Nf3 Nc6 3. c3 Nf6 4. e5 Nd5 5. d4 cxd4 6. cxd4 d6 7. Bc4 Nb6 8. Bb3
dxe5 9. d5 Na5 10. Nc3 Nxb3 11. Qxb3 e6 12. dxe6 Bxe6 13. Qb5+ Qd7 14. O-O Bc4
15. Qxe5+ Qe6 16. Re1 Qxe5 17. Rxe5+ Be6 18. Nb5 O-O-O 19. Bf4 a6 20. Rc1+ Kd7
21. Rd1+ Ke7 22. Rxe6+ fxe6 23. Bg5+ Kf7 24. Bxd8 Nd5 25. Nbd4 Bc5 26. Ba5 b6
27. Bc3 Rd8 28. Ng5+ Ke7 29. Ngxe6 Nxc3 30. bxc3 1-0

[Event "Gibraltar ChallWk1 13th"]
[Site "Gibraltar"]
[Date "2015.01.27"]
[Round "2.37"]
[White "Alarcon Olmos, Daniel"]
[Black "Ocana, Jeremy"]
[Result "1-0"]
[WhiteElo "2031"]
[BlackElo "1809"]
[PlyCount "95"]
[EventDate "2015.01.26"]
[EventType "swiss"]
[EventRounds "5"]
[EventCountry "GGB"]
[SourceTitle "BritBase"]
[Source "www.saund.co.uk"]
[SourceDate "2018.02.10"]
[SourceVersion "1"]
[SourceVersionDate "2018.02.10"]
[SourceQuality "1"]

1. e4 e6 2. d4 d5 3. Nd2 Nf6 4. e5 Nfd7 5. Bd3 c5 6. c3 Nc6 7. Ne2 a6 8. O-O
Be7 9. f4 O-O 10. Nf3 b5 11. Kh1 f5 12. Rg1 b4 13. g4 Qe8 14. Qf1 Qf7 15. Be3
Kh8 16. Qh3 g6 17. gxf5 exf5 18. Rg3 c4 19. Bc2 Rg8 20. Rag1 Nf8 21. R3g2 Be6
22. Ng5 Bxg5 23. Rxg5 b3 24. axb3 cxb3 25. Bd3 a5 26. Ng3 Ne7 27. Ne2 a4 28.
Bc1 Rb8 29. Re1 Rg7 30. Ng1 h6 31. Nf3 Kg8 32. Rg2 Rb6 33. Qxh6 Rh7 34. Qg5 Rh5
35. Qg3 Nh7 36. Reg1 a3 37. bxa3 b2 38. Rxb2 Rxb2 39. Bxb2 Qe8 40. Bc1 Qc6 41.
Qe1 Rh3 42. Rg3 Rxg3 43. hxg3 Qa4 44. Qd2 Nc8 45. Qc2 Nb6 46. Qxa4 Nxa4 47. Bd2
Nb2 48. Bb5 1-0

[Event "Gibraltar ChallWk1 13th"]
[Site "Gibraltar"]
[Date "2015.01.27"]
[Round "2.38"]
[White "Mohnblatt, Daniel"]
[Black "Suez-Panama, Gilles"]
[Result "0-1"]
[WhiteElo "1863"]
[BlackElo "2030"]
[PlyCount "72"]
[EventDate "2015.01.26"]
[EventType "swiss"]
[EventRounds "5"]
[EventCountry "GGB"]
[SourceTitle "BritBase"]
[Source "www.saund.co.uk"]
[SourceDate "2018.02.10"]
[SourceVersion "1"]
[SourceVersionDate "2018.02.10"]
[SourceQuality "1"]

1. d4 Nf6 2. c4 g6 3. Nc3 Bg7 4. e4 d6 5. Bd3 Na6 6. Nge2 O-O 7. O-O e5 8. d5
Nc5 9. Bc2 a5 10. a3 Bd7 11. Rb1 a4 12. Be3 Qe8 13. h3 Kh8 14. Qd2 Ng8 15. Rbe1
f5 16. exf5 gxf5 17. f4 b6 18. Kh1 Qg6 19. Rf3 Rae8 20. Rg3 Qf7 21. Ng1 Nf6 22.
fxe5 dxe5 23. Rxg7 Qxg7 24. Bh6 Qf7 25. Bxf8 Qxf8 26. Nf3 e4 27. Nd4 Qg7 28.
Ne6 Bxe6 29. dxe6 Nxe6 30. Rd1 Rd8 31. Qe3 Rg8 32. Rg1 f4 33. Qf2 Ng5 34. Nd5
e3 35. Qxf4 Nxd5 36. cxd5 Nxh3 0-1

[Event "Gibraltar ChallWk1 13th"]
[Site "Gibraltar"]
[Date "2015.01.28"]
[Round "3.1"]
[White "Menna Barreto, Felipe Kubiaki"]
[Black "Janev, Pavel"]
[Result "1-0"]
[WhiteElo "2247"]
[BlackElo "2196"]
[PlyCount "71"]
[EventDate "2015.01.26"]
[EventType "swiss"]
[EventRounds "5"]
[EventCountry "GGB"]
[SourceTitle "BritBase"]
[Source "www.saund.co.uk"]
[SourceDate "2018.02.10"]
[SourceVersion "1"]
[SourceVersionDate "2018.02.10"]
[SourceQuality "1"]

1. d4 Nf6 2. Nf3 e6 3. Bg5 h6 4. Bxf6 Qxf6 5. e4 d5 6. Nbd2 Nd7 7. Bd3 c5 8.
exd5 exd5 9. O-O c4 10. Re1+ Be7 11. Bf1 O-O 12. g3 Nb6 13. Ne5 Na4 14. b3 cxb3
15. axb3 Nc3 16. Qh5 Qg5 17. Qxg5 Bxg5 18. f4 Bd8 19. Re3 Bb6 20. Ndf3 Ne4 21.
c4 f6 22. Nd3 Be6 23. Nb4 Bf7 24. Bh3 Nd2 25. c5 Nxf3+ 26. Rxf3 Bc7 27. Re3 a5
28. Re7 axb4 29. Rxa8 Rxa8 30. Rxc7 Ra1+ 31. Kf2 Ra2+ 32. Ke3 Rb2 33. Rxb7
Rxb3+ 34. Kd2 Bg6 35. Be6+ Kh7 36. f5 1-0

[Event "Gibraltar ChallWk1 13th"]
[Site "Gibraltar"]
[Date "2015.01.28"]
[Round "3.2"]
[White "Dougherty, Michael"]
[Black "Sanchez Botella, Luis Javier"]
[Result "0-1"]
[WhiteElo "2138"]
[BlackElo "2246"]
[PlyCount "70"]
[EventDate "2015.01.26"]
[EventType "swiss"]
[EventRounds "5"]
[EventCountry "GGB"]
[SourceTitle "BritBase"]
[Source "www.saund.co.uk"]
[SourceDate "2018.02.10"]
[SourceVersion "1"]
[SourceVersionDate "2018.02.10"]
[SourceQuality "1"]
[TimeControl "7200+1805"]
[WhiteClock "0:01:38"]
[BlackClock "0:11:08"]

1. c4 Nf6 2. Nc3 c5 3. Nf3 e6 4. g3 b6 5. Bg2 Bb7 6. O-O Be7 7. Re1 a6 8. e4 d6
9. d4 cxd4 10. Nxd4 Qc7 11. Be3 O-O 12. Rc1 Nbd7 13. f4 Rfe8 14. Bf2 g6 15. e5
dxe5 16. fxe5 Nh5 17. Nd5 Qc8 18. Nxe7+ Rxe7 19. b4 Bxg2 20. Kxg2 Ng7 21. Qf3
Nf5 22. Nc6 Re8 23. g4 Ne7 24. Nxe7+ Rxe7 25. c5 bxc5 26. bxc5 Rb8 27. c6 Nb6
28. Bc5 Rc7 29. Bd6 Nd5 30. Rc2 g5 31. Rd1 Rxc6 32. Rcd2 Rb5 33. Be7 Rc3 34.
Qe4 Qc6 35. Kg1 Nxe7 0-1

[Event "Gibraltar ChallWk1 13th"]
[Site "Gibraltar"]
[Date "2015.01.28"]
[Round "3.3"]
[White "Longa Yauca, Javier"]
[Black "Agrest, Inna"]
[Result "1-0"]
[WhiteElo "2245"]
[BlackElo "2179"]
[PlyCount "75"]
[EventDate "2015.01.26"]
[EventType "swiss"]
[EventRounds "5"]
[EventCountry "GGB"]
[SourceTitle "BritBase"]
[Source "www.saund.co.uk"]
[SourceDate "2018.02.10"]
[SourceVersion "1"]
[SourceVersionDate "2018.02.10"]
[SourceQuality "1"]
[TimeControl "6600+1670"]
[WhiteClock "0:30:08"]
[BlackClock "0:00:13"]

1. c4 Nf6 2. Nc3 g6 3. d4 Bg7 4. g3 O-O 5. Bg2 d6 6. Nf3 Nbd7 7. O-O e5 8. e3
Re8 9. b3 c6 10. Ba3 exd4 11. Nxd4 Nc5 12. Qc2 Qe7 13. Rad1 Bg4 14. Rd2 Rac8
15. h3 Bd7 16. Kh2 h5 17. Rfd1 h4 18. gxh4 Qe5+ 19. Kg1 Qh5 20. b4 Na6 21. Nf3
Bf5 22. Qb3 Ne4 23. Nxe4 Bxe4 24. Ng5 Bxg2 25. Kxg2 Qxh4 26. Nf3 Qh5 27. Rxd6
Nc7 28. Bb2 Ne6 29. Bxg7 Nxg7 30. c5 Nf5 31. Rd7 g5 32. Qc4 Rxe3 33. Qg4 Qxg4+
34. hxg4 Rxf3 35. Kxf3 Nh4+ 36. Kg3 Kg7 37. Rd8 Rxd8 38. Rxd8 1-0

[Event "Gibraltar ChallWk1 13th"]
[Site "Gibraltar"]
[Date "2015.01.28"]
[Round "3.4"]
[White "Vea, Odin Blikra"]
[Black "Herman, Diego"]
[Result "1-0"]
[WhiteElo "2242"]
[BlackElo "2148"]
[PlyCount "191"]
[EventDate "2015.01.26"]
[EventType "swiss"]
[EventRounds "5"]
[EventCountry "GGB"]
[SourceTitle "BritBase"]
[Source "www.saund.co.uk"]
[SourceDate "2018.02.10"]
[SourceVersion "1"]
[SourceVersionDate "2018.02.10"]
[SourceQuality "1"]
[TimeControl "6600+680"]
[WhiteClock "0:04:53"]
[BlackClock "0:02:57"]

1. e4 Nc6 2. d4 d6 3. Nc3 e5 4. d5 Nce7 5. Be3 f5 6. f3 Nf6 7. Be2 a6 8. g4
fxg4 9. fxg4 Ng6 10. g5 Nd7 11. Qd2 Be7 12. h4 O-O 13. O-O-O b5 14. Rf1 Nb6 15.
Nf3 Bd7 16. Ne1 b4 17. Nd1 Bb5 18. Rxf8+ Qxf8 19. Ng2 Qe8 20. h5 Nf4 21. Nxf4
exf4 22. Bxf4 c6 23. Ne3 Bxe2 24. Qxe2 cxd5 25. Nxd5 Nxd5 26. exd5 Qf7 27. Bd2
Qxd5 28. Re1 Qxa2 29. Qe6+ Qxe6 30. Rxe6 Kf7 31. Re4 a5 32. g6+ hxg6 33. hxg6+
Kf8 34. c3 bxc3 35. Bxc3 a4 36. Rf4+ Kg8 37. Rf7 Bf8 38. Rd7 a3 39. b3 Rc8 40.
Kd2 Re8 41. Ra7 d5 42. Kd3 Rb8 43. b4 Rb6 44. Rxa3 Rxg6 45. Ra5 Rg3+ 46. Kc2 d4
47. Bd2 Rg2 48. Ra8 Kf7 49. Kd3 Be7 50. b5 Bf6 51. b6 Rg3+ 52. Kc4 Be5 53. b7
Rg6 54. b8=Q Bxb8 55. Rxb8 Rc6+ 56. Kxd4 Rd6+ 57. Ke3 Rd7 58. Bc3 Kg6 59. Ke4
Rc7 60. Bd4 Re7+ 61. Be5 Ra7 62. Rb1 Rf7 63. Rg1+ Kh7 64. Bf4 Kg8 65. Kf3 Rb7
66. Kg4 Kh7 67. Be5 Re7 68. Kf5 Rf7+ 69. Kg5 Re7 70. Ba1 Ra7 71. Rh1+ Kg8 72.
Be5 Ra5 73. Kf5 Ra7 74. Ke6 Ra6+ 75. Bd6 Ra7 76. Rf1 Rb7 77. Rf8+ Kh7 78. Be7
Rb2 79. Bd6 Rb7 80. Rf1 Kg8 81. Ra1 Kh7 82. Ra4 Kg8 83. Ra8+ Kh7 84. Be7 Rb2
85. Ra7 Re2+ 86. Kf7 Rf2+ 87. Ke8 Re2 88. Kd7 Rd2+ 89. Bd6 Re2 90. Kc6 Rd2 91.
Be5 Rg2 92. Kd6 Kg8 93. Ke6 Kh7 94. Ra3 Kg8 95. Bf4 Kh7 96. Kf7 1-0

[Event "Gibraltar ChallWk1 13th"]
[Site "Gibraltar"]
[Date "2015.01.28"]
[Round "3.5"]
[White "Urbina Perez, Juan Antonio"]
[Black "Rodriguez Alvarez, Vidal"]
[Result "1-0"]
[WhiteElo "2221"]
[BlackElo "2122"]
[PlyCount "77"]
[EventDate "2015.01.26"]
[EventType "swiss"]
[EventRounds "5"]
[EventCountry "GGB"]
[SourceTitle "BritBase"]
[Source "www.saund.co.uk"]
[SourceDate "2018.02.10"]
[SourceVersion "1"]
[SourceVersionDate "2018.02.10"]
[SourceQuality "1"]
[TimeControl "7200+815"]
[WhiteClock "0:07:17"]
[BlackClock "0:10:00"]

1. e4 c5 2. Nf3 e6 3. g3 Nc6 4. Bg2 Nf6 5. Qe2 e5 6. O-O Be7 7. c3 O-O 8. Rd1
d5 9. d3 d4 10. Na3 Nd7 11. Bd2 Rb8 12. cxd4 cxd4 13. Rac1 Re8 14. Rf1 Nb4 15.
Nc4 f6 16. a3 Nc6 17. b4 b5 18. Nd6 Bxd6 19. Rxc6 Nb6 20. Nh4 Bf8 21. f4 Bd7
22. Rcc1 Rc8 23. fxe5 fxe5 24. Bf3 Be6 25. Bh5 g6 26. Nxg6 hxg6 27. Bxg6 Qd7
28. Bxe8 Qxe8 29. Rxc8 Nxc8 30. Bg5 Bg7 31. Bf6 Nb6 32. Bxg7 Kxg7 33. Qd2 Qg6
34. Qc1 Nc4 35. a4 Ne3 36. Qc7+ Kh6 37. Rf8 Qg7 38. Qd8 bxa4 39. Rf6+ 1-0

[Event "Gibraltar ChallWk1 13th"]
[Site "Gibraltar"]
[Date "2015.01.28"]
[Round "3.6"]
[White "Osuna Vega, Enrique"]
[Black "Galmandakh, Badrakh"]
[Result "0-1"]
[WhiteElo "2108"]
[BlackElo "2240"]
[PlyCount "102"]
[EventDate "2015.01.26"]
[EventType "swiss"]
[EventRounds "5"]
[EventCountry "GGB"]
[SourceTitle "BritBase"]
[Source "www.saund.co.uk"]
[SourceDate "2018.02.10"]
[SourceVersion "1"]
[SourceVersionDate "2018.02.10"]
[SourceQuality "1"]
[TimeControl "6600+1510"]
[WhiteClock "0:00:14"]
[BlackClock "0:00:34"]

1. e4 d6 2. d4 Nf6 3. Nc3 e5 4. Nf3 Nbd7 5. Bc4 Be7 6. O-O O-O 7. Re1 c6 8. a4
Qc7 9. a5 Rb8 10. Ba2 b5 11. axb6 axb6 12. d5 cxd5 13. Nxd5 Nxd5 14. Bxd5 Nf6
15. Bb3 Bb7 16. Qd3 h6 17. Nd2 Ra8 18. Rb1 Rfd8 19. Nf1 d5 20. exd5 Nxd5 21.
Qf5 Bd6 22. Ng3 Ra5 23. Bd2 Rb5 24. Ne4 Rxb3 25. cxb3 Ne7 26. Qg4 f5 27. Nf6+
Kf7 28. Qh5+ Kxf6 29. Rbc1 Qd7 30. Bc3 Nd5 31. Qh4+ Kf7 32. Bxe5 Bxe5 33. Rxe5
Nf6 34. Rce1 Kg8 35. Qf4 Be4 36. f3 Qd4+ 37. Kh1 Ng4 38. h3 Qxe5 39. Qxe5 Nxe5
40. fxe4 Nd3 41. Re2 fxe4 42. Kh2 Re8 43. Kg3 Kf7 44. Kg4 Kf6 45. Rc2 Ke5 46.
Kg3 Kd4 47. h4 b5 48. h5 e3 49. Re2 Ne5 50. Kf4 Rf8+ 51. Kg3 Kd3 0-1

[Event "Gibraltar ChallWk1 13th"]
[Site "Gibraltar"]
[Date "2015.01.28"]
[Round "3.7"]
[White "Amgalanbaatar, Ravdanlkhumbuu"]
[Black "Perez Garcia, Alejandro"]
[Result "0-1"]
[WhiteElo "2117"]
[BlackElo "2207"]
[PlyCount "79"]
[EventDate "2015.01.26"]
[EventType "swiss"]
[EventRounds "5"]
[EventCountry "GGB"]
[SourceTitle "BritBase"]
[Source "www.saund.co.uk"]
[SourceDate "2018.02.10"]
[SourceVersion "1"]
[SourceVersionDate "2018.02.10"]
[SourceQuality "1"]
[TimeControl "7200+655"]
[WhiteClock "0:27:20"]
[BlackClock "0:00:22"]

1. d3 d5 2. Bf4 g6 3. Nf3 Bg7 4. c3 Nc6 5. h3 e5 6. Bh2 f5 7. e3 Nge7 8. Nbd2
O-O 9. Be2 e4 10. Nd4 Ne5 11. Nf1 c5 12. Nc2 exd3 13. Bxd3 Nxd3+ 14. Qxd3 Qb6
15. Rb1 Bd7 16. Na3 f4 17. e4 Rad8 18. Nd2 dxe4 19. Nxe4 Be6 20. Qe2 Bxa2 21.
Ra1 Bd5 22. O-O Nf5 23. Bxf4 Nd4 24. cxd4 Rxf4 25. Nxc5 Rxd4 26. Rfc1 Bf8 27.
Qb5 Qf6 28. Rc3 Rd2 29. Rf1 a6 30. Qa5 b6 31. Qxa6 Ra8 32. Nd7 Qxc3 33. Qxb6
Qc6 34. Nf6+ Kh8 35. Nxd5 Qxd5 36. Nb1 Rd1 37. Nc3 Rxf1+ 38. Kxf1 Qd3+ 39. Kg1
Ra1+ 40. Kh2 0-1

[Event "Gibraltar ChallWk1 13th"]
[Site "Gibraltar"]
[Date "2015.01.28"]
[Round "3.8"]
[White "Byron, Alan M"]
[Black "Maloberti, David"]
[Result "1-0"]
[WhiteElo "2188"]
[BlackElo "2108"]
[PlyCount "75"]
[EventDate "2015.01.26"]
[EventType "swiss"]
[EventRounds "5"]
[EventCountry "GGB"]
[SourceTitle "BritBase"]
[Source "www.saund.co.uk"]
[SourceDate "2018.02.10"]
[SourceVersion "1"]
[SourceVersionDate "2018.02.10"]
[SourceQuality "1"]
[TimeControl "7200+1010"]
[WhiteClock "0:17:24"]
[BlackClock "0:00:47"]

1. c4 f5 2. g3 Nf6 3. Nf3 d6 4. d4 e6 5. Nc3 Be7 6. Bg2 O-O 7. O-O Qe8 8. Qc2
Qg6 9. Bg5 h6 10. Bd2 c6 11. b3 Bd7 12. Rae1 Ne4 13. e3 Nxd2 14. Qxd2 Qh5 15.
Qd1 Na6 16. Nd2 Qf7 17. f4 Bf6 18. Nf3 d5 19. Ne2 Be8 20. Nc1 Nb8 21. Nd3 Nd7
22. Qd2 Qe7 23. Rc1 Bh5 24. Nfe1 g5 25. Bf3 Bxf3 26. Nxf3 Kg7 27. Kf2 g4 28.
Nfe5 h5 29. cxd5 exd5 30. Qb4 Qxb4 31. Nxb4 Rad8 32. Nbd3 Rfe8 33. Rh1 Nxe5 34.
fxe5 Bg5 35. h4 Be7 36. Ke2 Ba3 37. Rcf1 Rf8 38. Nf4 1-0

[Event "Gibraltar ChallWk1 13th"]
[Site "Gibraltar"]
[Date "2015.01.28"]
[Round "3.9"]
[White "Verneuil, Pascal"]
[Black "Gonzalez Gonzalez, Alfonso"]
[Result "1-0"]
[WhiteElo "2093"]
[BlackElo "2160"]
[PlyCount "61"]
[EventDate "2015.01.26"]
[EventType "swiss"]
[EventRounds "5"]
[EventCountry "GGB"]
[SourceTitle "BritBase"]
[Source "www.saund.co.uk"]
[SourceDate "2018.02.10"]
[SourceVersion "1"]
[SourceVersionDate "2018.02.10"]
[SourceQuality "1"]
[TimeControl "7200+1150"]
[WhiteClock "1:03:32"]
[BlackClock "0:10:47"]

1. e4 c5 2. b3 d6 3. Bb2 Nf6 4. Nc3 g6 5. Bb5+ Nbd7 6. f4 Bg7 7. e5 Nh5 8. exd6
O-O 9. Qf3 exd6 10. O-O-O Nb6 11. g4 Nf6 12. f5 a6 13. Bd3 Nfd7 14. Be4 c4 15.
h4 Ne5 16. Qg2 a5 17. Nf3 a4 18. Nxe5 dxe5 19. fxg6 cxb3 20. cxb3 Be6 21. h5
axb3 22. axb3 Bxb3 23. gxh7+ Kh8 24. Rdg1 Nc4 25. h6 Bf6 26. g5 Be7 27. g6 fxg6
28. Bxg6 Nxd2 29. Bd3 Bg5 30. Qxg5 Rf1+ 31. Bxf1 1-0